By the King. A proclamation for recalling his Maiesties subiects from the seminaries beyond the seas, and putting the lawes against Iesuites and popish priests in execution

Bibliographic Details
Corporate Author: England and Wales. Sovereign (1625-1649 : Charles I)
Other Authors: Charles I, King of England, 1600-1649
Format: eBook
Language:English
Published: Printed at Oxford [id est London] : by I[ohn]. L[ichfield]. and W[illiam]. T[urner]. for [id est by] Bonham Norton and Iohn Bill [, London], printers to the Kings most excellent Maiestie, 1625.
Series:Early English books online.
Subjects:
Online Access:Connect to the full text of this electronic book

MARC

Tag First Indicator Second Indicator Subfields
LEADER 00000nam a2200000Ia 4500
001 in00004176713
005 20200807083950.0
006 m g d
007 cr bn |||a|bb|
008 930712s1625 enk o o00| | eng d
035 |a (UnM)99898374 
037 |a CL0036000066  |b ProQuest. 789 E. Eisenhower Parkway, Ann Arbor, MI 48108-3218 
040 |a Cu-RivES  |c Cu-RivES  |d CStRLIN  |d Cu-RivES  |e dcrb  |d WaOLN 
110 1 |a England and Wales.  |b Sovereign (1625-1649 : Charles I) 
240 1 0 |a Proclamations. 1625-08-14 
245 1 0 |a By the King. A proclamation for recalling his Maiesties subiects from the seminaries beyond the seas, and putting the lawes against Iesuites and popish priests in execution 
246 2 |a By the King. A proclamation for recalling his Majesties subjects from the seminaries beyond the seas, and putting the lawes against Jesuites and popish priests in execution 
260 |a Printed at Oxford [id est London] :  |b by I[ohn]. L[ichfield]. and W[illiam]. T[urner]. for [id est by] Bonham Norton and Iohn Bill [, London], printers to the Kings most excellent Maiestie,  |c 1625. 
300 |a 1 online resource (1 sheet ([1] pages) 
336 |a text  |b txt  |2 rdacontent 
337 |a computer  |b c  |2 rdamedia 
338 |a online resource  |b cr  |2 rdacarrier 
500 |a Dated at end: Giuen at the court of Woodstocke the foureteenth day of August, in the first yeere of his Maiesties raigne of great Britaine, France, and Ireland. 
500 |a The imprint is false; in fact printed in London by Norton and Bill (STC). 
500 |a Steele notation: humble and first. 
500 |a Reproduction of original in the Folger Shakespeare Library. 
510 4 |a STC (2nd edition)  |c 8796.3 
510 4 |a Steele  |c I, 1445 
510 4 |a Madan  |c II, 539 
533 |a Electronic reproduction.  |b Ann Arbor, Mich. :  |c UMI,  |d 1999-  |f (Early English books online)  |n Digital version of: (Early English books, 1475-1640 ; 2062:24)  |7 s1999 miun s 
650 0 |a Catholics  |x Legal status, laws, etc.  |z England  |v Early works to 1800. 
655 7 |a Broadsides  |z England  |2 rbgenr 
700 0 |a Charles  |b I,  |c King of England,  |d 1600-1649. 
830 0 |a Early English books online. 
856 4 0 |u http://proxy.library.tamu.edu/login?url=https://search.proquest.com/docview/2240883904  |z Connect to the full text of this electronic book  |t 0 
999 f f |s 1d18f5a3-4454-348c-ae24-ca17db3279a3  |i 85be8dfa-eb16-3129-a67f-e66b668811c5  |t 0 
952 f f |a Texas A&M University  |b College Station  |c Electronic Resources  |d Available Online  |t 0  |h No information provided 
998 f f |t 0  |l Available Online